000 00530nam a2200157Ia 4500
008 160316s1999 xxu||||| |||| 00| 0 eng d
082 _a344.013000
_bREG
100 _a
245 _aImproving action-oriented research on the worst forms of child labour-case studies prepared by the participants to the asian regional workshop 8-10 Dec. 1999, Bangkok, Thailand
250 _a
260 _aThailand
_bRegional Working Group on Child Labour
_c1999
300 _a103
_b
_c
365 _b
650 _aChild labour
700 _a
_a
999 _c33036
_d33036